01378nam a2200301 a 450000100100000000500170001000800410002704000250006808200280009311000320012124000180015324500910017126000330026230000170029549000220031250000280033459000260036265000660038870000400045471000440049483000290053891000370056795201200060495201200072495201060084495201110095099900150106100000587420250423140401.0090824s1994 dr 001 0 spa d aDO-SdBNPbspacBNPHU a344.729304bR426L, 19942 aRepública Dominicana944710a[Leyes, etc.]10aLegislación sanitaria dominicana /c[edición a cargo del Santiago Castro Ventura]. aSanto Domingo :bAMD,c1994. av. ;c21 cm.1 aAMD-Centenariov3 aLa biblioteca posee v.1 aInventariado, 2018/VM 4aSalud públicaxLegislaciónzRepública Dominicana9165641 aCastro Ventura, Santiagoeed.918372 aAsociación Médica Dominicana916565 0aAMD-Centenarion3916566 aValidado. Control de calidad EMS 001054708PDaGRbGRcHDd2013-06-21iLF1l0ov.1, e.3p5874-30r2020-06-25w2020-06-25yLFPDZPréstamo en sala 001054708PDaGRbGRcHDd2013-07-15iLF1l0ov.1, e.4p5874-40r2020-06-25w2020-06-25yLFPDZPréstamo en sala 0010718PDaPDbPDcHDd2009-08-24iLF1l0ov.1p5874-10r2020-06-25w2020-06-25yLFPDZNo se presta 0010718PDaPDbPDcHDd2009-08-24iLF1l0ov.1, e.2p5874-20r2020-06-25w2020-06-25yLFPDZNo se presta c5670d5670